NLSUI OPAC header image

The Karnataka State Universities Act, 2000 (KK Act No. 29 of 2001) (Record no. 120780)

MARC details
000 -LEADER
fixed length control field 00318nam a2200109Ia 4500
100 ## - MAIN ENTRY--PERSONAL NAME
Personal name Kumar A.S.S.
245 #4 - TITLE STATEMENT
Title The Karnataka State Universities Act, 2000 (KK Act No. 29 of 2001)
264 ## - PRODUCTION, PUBLICATION, DISTRIBUTION, MANUFACTURE, AND COPYRIGHT NOTICE
Name of producer, publisher, distributor, manufacturer Sun publishing House
Place of production, publication, distribution, manufacture Bangalore
300 ## - PHYSICAL DESCRIPTION
Extent 222
942 ## - ADDED ENTRY ELEMENTS (KOHA)
Koha item type CSSEIP Office Library Collection
Holdings
Withdrawn status Lost status Damaged status Not for loan Home library Current library Shelving location Date acquired Total Checkouts Barcode Date last seen Price effective from Koha item type
      Not For Loan . . CSSEIP Office Library - Gandhian Studies 23.06.2020   G0132 23.06.2020 23.06.2020 CSSEIP Office Library Collection